000 01303nam a2200217Ia 4500
003 Ost
005 20260507075058.0
008 260507s9999||||xx |||||||||||||| ||und||
020 _a9644009957
040 _cfsecg
041 _aara
082 _a338.4791
100 _aالطائي، حميد
_eمؤلف
245 0 _aأصول صناعة السياحة /
_c حميد الطائي
260 _aعمان:
_bمؤسسة الوراق,
_c2001
300 _a409 صفحة؛
_bإيضاحات ؛
_c24 سم
520 _aالسياحة كمفهوم وفلسفة،التطور التاريخي لصناعة السياحة،العوامل المؤثرة على صناعة السياحة،العوامل الاقتصادية،العوامل البيئية،العوامل الاجتماعية،مستويات التنظيم في صناعة السياحة،السياحة المحلية،سلوك السائح،تطوير مناطق الجذب السياحي،تطوير الصورة الذهنية عن مناطق الجذب السياحي،التخطيط السياحي،نظم المعلومات السياحية ودورها في تطوير السياحة(دراسة حالة الأردن)
653 _aالسياحة - اقتصاديات
653 _aالسياحة - الاردن
942 _cكتاب
999 _c42760
_d42760